Städte an der Etsch - Statistiken

Allgemein
  • Dieses Quiz wurde 17 mal gespielt
  • Das Durchschnittsergebnis liegt bei 3 aus 5
Antwortstatistiken
Bildquiz Hint Antwort % Korrekt
106.601 Einwohner Bozen
100%
255.985 Einwohner Verona
81%
40.759 Einwohner Meran
75%
117.847 Einwohner Trient
63%
39.766 Einwohner Rovereto
25%
Keine übereinstimmenden Quizze gefunden
Verteilung der Resultate
Anzahl Personen mit jedem Resultat
Perzentil nach korrekt beantworteten Fragen
Ihre Resultats-Entwicklung
Sie haben dieses Quiz noch nicht gespielt